Les adversaires de l’Olympique de Marseille en coupe d’europe au XXIè - Statistiques

Statistiques générales
  • Ce quiz a été pris 269 fois
  • Le résultat moyen est 45 sur 87
Statistiques - réponses
Hint Réponse % Correct
2023/2024 Quart de finale Benfica
94%
2009/2010 Huitième de finale Benfica
94%
2023/2024 Demi-finale Atalanta
93%
2023/2024 Phase de poule Ajax
86%
2008/2009 Huitième de finale Ajax
86%
2017/2018 Finale Atletico Madrid
86%
2008/2009 Phase de poule Atletico Madrid
86%
2020/2021 Phase de poule Manchester City
86%
2009/2010 Phase de poule Real Madrid
85%
2003/2004 Phase de poule Real Madrid
85%
2022/2023 Phase de poule Sporting Lisbonne
84%
2017/2018 Quart de finale Leipzig
83%
2022/2023 Phase de poule Tottenham
83%
2013/2014 Phase de poule Dortmund
81%
2011/2012 Phase de poule Dortmund
81%
2023/2024 Huitième de finale Villareal
80%
2020/2021 Phase de poule Porto
79%
2007/2008 Phase de poule Porto
79%
2003/2004 Phase de poule Porto
79%
2017/2018 Demi-finale Salzbourg
78%
2017/2018 Phase de groupe Salzbourg
78%
2011/2012 Quart de finale Bayern Munich
77%
2011/2012 Huitième de finale Inter Milan
75%
2003/2004 Quart de finale Inter Milan
75%
2009/2010 Phase de poule AC Milan
74%
2013/2014 Phase de poule Arsenal
74%
2011/2012 Phase de poule Arsenal
74%
2023/2024 Phase de poule Brighton
74%
2021/2022 Demi-finale Feyenoord
72%
2008/2009 Phase de poule Liverpool
72%
2007/2008 Phase de poule Liverpool
72%
2003/2004 Huitième de finale Liverpool
72%
2010/2011 Huitième de finale Manchester United
72%
2021/2022 Phase de poule Lazio
71%
2018/2019 Phase de poule Lazio
71%
2005/2006 Finale Lazio
71%
2023/2024 Phase de poule AEK Athènes
70%
2008/2009 Quart de finale Shakhtar
69%
2023/2024 Barrage Shakhtar
68%
2013/2014 Phase de poule Naples
65%
2003/2004 Finale Valence
65%
2017/2018 Huitième de finale Athletic Bilbao
64%
2015/2016 Seizième de finale Athletic Bilbao
64%
2021/2022 Phase de poule Galatasaray
62%
2022/2023 Phase de poule Francfort
61%
2018/2019 Phase de poule Francfort
61%
2020/2021 Phase de poule Olympiakos
61%
2011/2012 Phase de poule Olympiakos
61%
2010/2011 Phase de poule Chelsea
58%
2017/2018 Seizième de finale Braga
53%
2015/2016 Phase de poule Braga
53%
2003/2004 Demi-finale Newcastle
51%
2021/2022 Huitième de finale Bâle
50%
2021/2022 Quart de finale PAOK
49%
2008/2009 Phase de poule PSV
44%
2021/2022 Barrage Qarabag
38%
2021/2022 Phase de poule Lokomotiv Moscou
35%
2007/2008 Huitième de finale Zénith Saint-Petersbourg
34%
2005/2006 Huitième de finale Zénith Saint-Petersbourg
34%
2007/2008 Phase de poule Besiktas
30%
2018/2019 Phase de poule Apollon Limassol
29%
2005/2006 Phase de poule CSKA Moscou
28%
2009/2010 Seizième de finale Copenhague
22%
2009/2010 Phase de poule FC Zurich
22%
2003/2004 Phase de poule Partizan Belgrade
22%
2010/2011 Phase de poule Spartak Moscou
21%
2007/2008 Seizième de finale Spartak Moscou
21%
2017/2018 Phase de groupe Vitoria Guimaraes
19%
2017/2018 Qualification Ostende
17%
2010/2011 Phase de poule Zilina
17%
2006/2007 Qualification Young Boys
15%
2005/2006 Demi-finale Young Boys
15%
2017/2018 Phase de groupe Konyaspor
14%
2008/2009 Seizième de finale Twente
13%
2003/2004 Qualification Austria Vienne
10%
2015/2016 Phase de poule Groningen
10%
2017/2018 Qualification Domzale
9%
2015/2016 Phase de poule Liberec
8%
2006/2007 Finale Dnipro
7%
2003/2004 Seizième de finale Dnipro
7%
2006/2007 Qualification Mlada Boleslav
6%
2008/2009 Qualification Brann
5%
2005/2006 Phase de poule Dinamo Bucarest
5%
2005/2006 Seizième de finale Rosenborg
5%
2005/2006 Phase de poule Levski
2%
2005/2006 Qualification Beerschot
1%
2005/2006 Phase de poule Heerenveen
1%
Aucun quiz correspondant
Distribution des résultats
% des personnes avec chaque résultat
Percentile par nombre de réponses
Votre historique - résultats
Vous n’avez pas pris ce quiz